Terminus lignes métro et tramway des 11 plus grandes villes de France - Statistiques

Statistiques générales
  • Ce quiz a été pris 40 fois
    6 depuis la dernière actualisation
  • Le résultat moyen est 59 sur 164
Statistiques - réponses
Hint Réponse % Correct
Aéroport d'Orly
83%
Métro C Hôtel de Ville - Louis Pradel
83%
Paris - Métro Métro 1 La Défense
83%
Orly - Gaston Viens
83%
Métro 14 Saint-Denis - Pleyel
83%
Métro 13 Saint-Denis - Université
83%
Métro 5 Bobigny - Pablo Picasso
67%
Métro 6 Charles de Gaulle - Etoile
67%
Château de Vincennes
67%
Créteil - Pointe du Lac
67%
Gallieni
67%
Métro D Gare de Vaise
67%
La Poterie
67%
Mairie d'Ivry
67%
Nation
67%
Lyon - Métro Métro A Perrache
67%
Place d'Italie
67%
Métro 9 Pont de Sèvres
67%
Porte de Vincennes
67%
Tramway T7 Vaulx-en-Velin - La Soie
67%
Villejuif - Louis Aragon
67%
Aéroport (Blagnac)
50%
Aéroport St Exupéry
50%
Athis-Mons - Porte de l'Essonne
50%
Bagneux - Lucie Aubrac
50%
Métro 8 Balard
50%
Métro 10 Boulogne - Pont de Saint-Cloud
50%
Campus d'Illkirch
50%
Métro B Charpennes - Charles Hernu
50%
Métro 11 Châtelet
50%
Châtillon - Montrouge
50%
Tramway T6 Châtillon-Montrouge
50%
Cuire
50%
Tramway C Gare Centrale
50%
Gare de Vénissieux
50%
Rhônexpress Gare Part-Dieu
50%
Tramway T3 Gare Part-Dieu - Villette
50%
Graffenstaden
50%
Tramway B Hœnheim Gare
50%
Kehl Rathaus
50%
Métro 7 La Courneuve - 8 Mai 1945
50%
Marseille - Métro Métro 1 La Rose
50%
Lingolsheim Tiergaertel
50%
Métro 7bis Louis Blanc
50%
Mairie de Montreuil
50%
Mairie d'Issy
50%
Neuhof Rodolphe Reuss
50%
Strasbourg - Tramway Tramway A Parc des Sports
50%
Place d'Islande
50%
Tramway T2 Pont de Bezons
50%
Tramway T3a Pont du Garigliano -Hôpital Européen Georges Pompidou
50%
Métro 2 | Tramway T3b Porte Dauphine
50%
Tramway T9 Porte de Choisy
50%
Métro 4 Porte de Clignancourt
50%
Porte des Lilas
50%
Porte de Versailles
50%
Tramway D Poteries
50%
Pré Saint-Gervais
50%
Tramway E Robertsau L'Escale
50%
Saint-Genis-Laval - Hôpital Lyon Sud
50%
Vaulx-en-Velin - La Soie
50%
Aéroport Terminal 2
33%
Tramway T2 | Tramway T3 Arenc Le Silo
33%
Asnières - Gennevilliers - Les Courtilles
33%
Aulnay-sous-Bois
33%
Tramway T4 Bondy
33%
Métro 2 Capitaine Gèze
33%
Métro b Cesson - Viasilva
33%
CH Dron
33%
Tramway F Comtes
33%
Lyon - Tramway Tramway T1 | Tramway T6 Debourg
33%
Décines OL Vallée
33%
Épinay - Orgemont
33%
Tramway T11 Épinay-sur-Seine
33%
Eurexpo
33%
Évry - Courcouronnes
33%
Métro 3bis Gambetta
33%
Gare d'Austerlitz
33%
Gare de Noisy-le-Sec
33%
Lille - Tramway Tramway R | Tramway T Gare Lille Flandres
33%
Garges - Sarcelles
33%
Tramway T5 Grange Blanche
33%
Hôpital de Montfermeil
33%
Hôpital Feyzin Vénissieux
33%
Hôpitaux Est Pinel
33%
Tramway T2 Hôtel Région Montrochet
33%
IUT Feyssine
33%
Tramway T10 Jardin Parisien
33%
Rennes - Métro Métro a J.F. Kennedy
33%
La Croix de Berny
33%
Tramway T4 La Doua Gaston Berger
33%
Le Bourget
33%
Métro 12 Mairie d'Aubervilliers
33%
Tramway T5 Marché de Saint-Denis
33%
Tramway T12 Massy - Palaiseau
33%
MEETT
33%
Meyzieu Les Panettes
33%
Marseille - Tramway Tramway T1 Noailles
33%
Parc des Expositions -Stade Matmut Atlantique
33%
Métro 3 Pont de Levallois - Bécon
33%
Tramway 2 Port Lympia
33%
Rosny - Bois-Perrier
33%
Roubaix Eurotéléport
33%
Saint-Cyr
33%
Tramway T8 Saint-Denis - Porte de Paris
33%
Tramway T13 Saint-Germain-en-Laye
33%
Saint-Priest Bel-Air
33%
Tourcoing Centre
33%
Villetaneuse - Université
33%
Viroflay - Rive Droite
33%
Paris - Tramway Tramway T1 Asnières - Quatre Routes
17%
CADAM/Centre Administratif
17%
Carle Vernet
17%
Castellane
17%
Gare de Pont Rousseau
17%
Nice - Tramway Tramway 1 Henri Sappia
17%
Hôpital Pasteur
17%
La Blancarde
17%
La Fourragère
17%
Les Caillols
17%
Toulouse - Métro Métro A Mirail - Basso-Cambo
17%
Odysseum
17%
Toulouse - Tramway Tramway T1 | Tramway T2 Palais de Justice
17%
Pessac Alouette
17%
Pessac Centre
17%
Quatre Cantons - Stade Pierre-Mauroy
17%
Ramonville
17%
Sainte-Marguerite Dromel
17%
Saint-Isidore
17%
Saint-Jacques - Gaîté
17%
Saint-Jean-de-Védas Centre
17%
Métro 2 Saint-Philibert
17%
Balma-Gramont
0%
Beaujoire
0%
Tramway B Berges de la Garonne
0%
Métro B Borderouge
0%
Lille - Métro Métro 1 CHU - Eurasanté
0%
Tramway D Eysines Cantinolle
0%
Floirac Dravemont
0%
Nantes - Tramway Tramway 1 François Mitterand
0%
Gare de Blanquefort
0%
Tramway 2 Jacou
0%
Tramway 3 Juvignac
0%
La Gardette Bassens Carbon Blanc
0%
Lattes Centre
0%
Bordeaux - Tramway Tramway A Le Haillan Rostand
0%
Tramway 3 Marcel Paul
0%
Montpellier - Tramway Tramway 1 Mosson
0%
Neustrie
0%
Tramway 2 Orvault - Grand Val
0%
Pérols Étang de l'Or
0%
Ranzay
0%
Tramway 4 Ring
0%
Tramway C Villenave Pyrénées
0%
Aucun quiz correspondant
Distribution des résultats
% des personnes avec chaque résultat
Percentile par nombre de réponses
Votre historique - résultats
Vous n’avez pas pris ce quiz depuis la dernière actualisation